Compass. Průmyslová ročenka.
| Format: | Serial |
|---|---|
| Language: | English |
| Published: |
Praha
Nakladatelství Compass spol. s. r. o.;
|
MARC
| LEADER | 00000nas a2200000 a 4500 | ||
|---|---|---|---|
| 001 | vtls010445552 | ||
| 003 | SK-MaSNL | ||
| 005 | 20260221113510.0 | ||
| 008 | 120903c mr1 0 0eng d | ||
| 040 | |a SNK |b slo |c SNK | ||
| 245 | 0 | 0 | |a Compass. Průmyslová ročenka. |
| 260 | |a Praha |b Nakladatelství Compass spol. s. r. o.; | ||
| 500 | |a Popis podľa: Roč. 70, r. 1937 | ||
| 910 | |a snk | ||
| 999 | |c 2268 |d 4198 | ||
| 952 | |0 0 |1 1 |4 0 |7 0 |a SNK |b SNK |d 2012-09-03 |i snkK 2016/74 |l 0 |o snkČD 998/70/1937 |p 17A1020259 |r 2026-02-21 20:23:33 |t Roč. 70; |w 2026-02-21 |y PREZ | ||


